La responsabilidad de los directores de sociedades anónimas: responsabilidad civil y penal administrativa (Registro nro. 20522)

MARC details
000 -CABECERA
campo de control de longitud fija 00620nam a2200193Ia 4500
008 - DATOS DE LONGITUD FIJA--INFORMACIÓN GENERAL
campo de control de longitud fija 260428s9999 xx 000 0 und d
020 ## - NÚMERO INTERNACIONAL ESTÁNDAR DEL LIBRO
Número Internacional Estándar del Libro 9789561413399
082 ## - NÚMERO DE LA CLASIFICACIÓN DECIMAL DEWEY
Número de clasificación 346.830664 A346r 2013
100 ## - ENTRADA PRINCIPAL--NOMBRE DE PERSONA
Nombre de persona Alcalde Rodríguez, Enrique
9 (RLIN) 34191
245 #0 - MENCIÓN DE TÍTULO
Título La responsabilidad de los directores de sociedades anónimas: responsabilidad civil y penal administrativa
260 ## - PUBLICACIÓN, DISTRIBUCIÓN, ETC. (PIE DE IMPRENTA)
Nombre del editor, distribuidor, etc. Ediciones Universidad Católica de Chile
260 ## - PUBLICACIÓN, DISTRIBUCIÓN, ETC. (PIE DE IMPRENTA)
Lugar de publicación. Santiago, Chile
260 ## - PUBLICACIÓN, DISTRIBUCIÓN, ETC. (PIE DE IMPRENTA)
Fecha de publicación, distribución, etc. 2013
300 ## - DESCRIPCIÓN FÍSICA
Extensión 498p.
650 ## - PUNTO DE ACCESO ADICIONAL DE MATERIA--TÉRMINO DE MATERIA
Término de materia o nombre geográfico como elemento inicial Chile
9 (RLIN) 121
650 ## - PUNTO DE ACCESO ADICIONAL DE MATERIA--TÉRMINO DE MATERIA
Término de materia o nombre geográfico como elemento inicial Responsabilidad Civil
9 (RLIN) 1805
650 ## - PUNTO DE ACCESO ADICIONAL DE MATERIA--TÉRMINO DE MATERIA
Término de materia o nombre geográfico como elemento inicial Responsabilidad Penal
9 (RLIN) 2060
942 ## - ELEMENTOS DE PUNTO DE ACCESO ADICIONAL (KOHA)
Tipo de ítem Koha Libro

No hay ítems disponibles.

Derechos Reservados © 2011 Universidad Miguel de Cervantes. Mac Iver 370. Santiago Centro, C.P. 8320170. Chile. / Teléfono: +56 (2) 2 927 34 00